Los "nuevos" títulos valores en el impuesto a las ganancias después de la reforma (Registro nro. 20158)

Detalles MARC
000 -LEADER
fixed length control field 00363 a2200109 4500
001 - CONTROL NUMBER
control field ART_46433
005 - DATE AND TIME OF LATEST TRANSACTION
control field 20260410161756.0
008 - FIXED-LENGTH DATA ELEMENTS--GENERAL INFORMATION
fixed length control field 260409a
100 1# - MAIN ENTRY--PERSONAL NAME
Personal name García, Fernando D.
245 10 - TITLE STATEMENT
Title Los "nuevos" títulos valores en el impuesto a las ganancias después de la reforma
773 0# - HOST ITEM ENTRY
Title Doctrina tributaria
Related parts - N°459 (jun. 2018)
Record control number REV4296

No hay ítems disponibles.